Cargando…

The St. Louis Veiled Prophet Celebration : Power on Parade, 1877-1995 /

Detalles Bibliográficos
Clasificación:Libro Electrónico
Autor principal: Spencer, Thomas M. (Thomas Morris), 1967-
Formato: Electrónico eBook
Idioma:Inglés
Publicado: Columbia : University of Missouri Press, 2000.
Colección:Book collections on Project MUSE.
Temas:
Acceso en línea:Texto completo

MARC

LEADER 00000cam a22000004a 4500
001 musev2_85676
003 MdBmJHUP
005 20230905052811.0
006 m o d
007 cr||||||||nn|n
008 991101s2000 mou o 00 0 eng d
010 |z  99057095  
020 |a 9780826262271 
020 |z 9780826222589 
020 |z 9780826212672 
035 |a (OCoLC)888760302 
040 |a MdBmJHUP  |c MdBmJHUP 
043 |a n-us-mo 
050 0 4 |a GT4011.S2  |b S64 2000 
082 0 |a 394/.5/0977866  |2 21 
100 1 |a Spencer, Thomas M.  |q (Thomas Morris),  |d 1967- 
245 1 4 |a The St. Louis Veiled Prophet Celebration :   |b Power on Parade, 1877-1995 /   |c Thomas M. Spencer. 
264 1 |a Columbia :  |b University of Missouri Press,  |c 2000. 
264 3 |a Baltimore, Md. :  |b Project MUSE,   |c 2021 
264 4 |c ©2000. 
300 |a 1 online resource (224 pages):   |b ill. ; 
336 |a text  |b txt  |2 rdacontent 
337 |a computer  |b c  |2 rdamedia 
338 |a online resource  |b cr  |2 rdacarrier 
504 |a Includes bibliographical references and index. 
588 |a Description based on print version record. 
610 2 0 |a Veiled Prophets of Saint Louis (Order : Mo.)  |x History. 
650 0 |a Parades  |z Missouri  |z Saint Louis  |x History. 
651 0 |a Saint Louis, (Mo.)  |x Social life and customs. 
651 0 |a Saint Louis, (Mo.)  |x History. 
655 7 |a Electronic books.   |2 local 
710 2 |a Project Muse.  |e distributor 
830 0 |a Book collections on Project MUSE. 
856 4 0 |z Texto completo  |u https://projectmuse.uam.elogim.com/book/85676/ 
945 |a Project MUSE - Custom Collection